| 000 | 00610nam a2200217 a 4500 | ||
|---|---|---|---|
| 005 | 20240831063808.0 | ||
| 008 | 160504s2011 es r 000 0 spa d | ||
| 020 | _a9788498453188 | ||
| 035 | _aUPN01000210170 | ||
| 049 | _aI | ||
| 050 | 4 |
_aPZ78 _bA4.43 |
|
| 100 | 1 |
_aAlbo, Pablo, _d1971- _932369 |
|
| 245 | 1 | 0 |
_aLejos / _cPablo Albo ; il. Aitana Carrasco. |
| 260 |
_aAlzira, Esp. : _bAlgar, _c2011. |
||
| 300 |
_a[25] p. : _bil. col. |
||
| 650 | 4 |
_aLibros y lectura para niños _92290 |
|
| 650 | 4 |
_aCuentos infantiles españoles _97725 |
|
| 905 | _aInfantil | ||
| 999 |
_c182271 _d182271 |
||